| 000 | 00391 a2200133 4500 | ||
|---|---|---|---|
| 003 | Nust | ||
| 005 | 20170207154340.0 | ||
| 040 | _cNust | ||
| 082 | _a799 | ||
| 245 |
_aIndep Day 14 Aug 2000 (Photo Album Vol No.1, 2000) _cMCS |
||
| 260 |
_aRawalpindi _bMCS _c14-08-2000 |
||
| 650 | _aPictures of Indep Day 14 Aug 2000 in MCS (Photo Album Vol No.1, 2000) (Soft Copy) CD-04 | ||
| 651 | _aSweet Memories-MCS | ||
| 942 | _cBK | ||
| 999 |
_c196930 _d196930 |
||